Statistics for Countries that Produce the Most Macadamias

Click here to take the quiz!

General Stats

  • This quiz has been taken 29 times
  • The average score is 4 of 7

Answer Stats

metric tons % world production country % Correct
3.6008%United States
96%
14.10032%Australia
92%
1.5403%China
85%
13.14630%South Africa
69%
5.44812%Kenya
46%
1.6504%Guatemala
12%
1.8134%Malawi
4%

Score Distribution

Percentile by Number Answered

Percent of People with Each Score

Your Score History

You have not taken this quiz